| 000 | 00710nam a2200253 4500 | ||
|---|---|---|---|
| 001 | 2035 | ||
| 010 | _a9789895742516 | ||
| 021 |
_aPT _b542253/25 |
||
| 090 | _a2035 | ||
| 100 | _a20260114d2025 cd|y0pory50030103ba | ||
| 101 | _apor | ||
| 102 | _aPT | ||
| 200 |
_aO lobo em cuecas veste umas calças _fWilfrid Lupano _gil. Mayana Itoïz |
||
| 205 | _a1ª edição | ||
| 210 |
_aLisboa _c0A8 _d2025 |
||
| 215 |
_a43, [2] p. _cil. _d30 cm |
||
| 225 |
_aO lobo em cuecas _v5 |
||
| 300 | _aBMB-Registado | ||
| 304 | _aTít. orig.: Le loup en slip - Passe un froc | ||
| 675 |
_a087.5 _vBMB _zpor |
||
| 700 |
_aLupano _bWilfrid _f1971- _92914 |
||
| 701 |
_aItoïz _bMayana _f1978- _4070 _92915 |
||
| 801 |
_aPT _bBMB _gRPC |
||
| 990 | _cLIVROS | ||